[Event "Munich op9192"]
[Site "Munich"]
[Date "1992.??.??"]
[Round "7"]
[White "Huenerkopf, Heinz"]
[Black "Yakovich, Yuri"]
[Result "0-1"]
[WhiteElo "2275"]
[BlackElo "2560"]

1.e4 c5 2.c3 Nf6 3.e5 Nd5 4.d4 cxd4 5.cxd4 d6 6.Nf3 Nc6 7.Bc4 Nb6 8.Bb5 dxe5
9.Nxe5 Bd7 10.Bxc6 Bxc6 11.Nxc6 bxc6 12.Nc3 g6 13.O-O Bg7 14.Bg5 Bxd4 15.Qf3 f6
16.Qxc6+ Kf7 17.Qf3 Bxc3 18.bxc3 Qd5 19.Qxd5+ Nxd5 20.c4 Nb6 21.c5 Nd5 22.Bd2 Rhc8
23.Rfc1 Rab8 24.Rc2 Ke6 25.Kf1 Kd7 26.Rac1 Rc6 27.Ke2 Ra6 28.Rd1 Kc6 29.Rdc1 Rb5
30.f3 Ra4 31.Kf2 e5 32.Ke2 Rd4 33.Kf2 Nb4 34.Bxb4 Rbxb4 35.Kg3 Rb5 36.Rc3 Rd5
37.Ra3 a5 38.Rac3 Rbxc5 39.Rc4 f5  0-1

[Event "Nassau Masters"]
[Site "Nassau"]
[Date "1992.??.??"]
[Round "1"]
[White "Laflair, R."]
[Black "Josenhans, Daniel"]
[Result "0-1"]
[WhiteElo "2330"]
[BlackElo "2265"]

1.e4 c5 2.c3 Nf6 3.e5 Nd5 4.d4 cxd4 5.Nf3 Nc6 6.Bc4 Nb6 7.Bb3 d5 8.exd6 Qxd6
9.Na3 Be6 10.O-O a6 11.Bxe6 Qxe6 12.Nxd4 Nxd4 13.Qxd4 Rd8 14.Qh4 Qf5 15.Qb4 Rd6
16.Be3 Qg6 17.Rad1 Rc6 18.Qf4 Nd7 19.Qd4 Qd6 20.Qa4 Qc7 21.Rfe1 e6 22.Bf4 Qc8
23.Nc2 Rc4  0-1

[Event "Novy Smokovec"]
[Site "Novy Smokovec"]
[Date "1992.??.??"]
[Round "?"]
[White "Salai, Ladislav"]
[Black "Malisauskas, Vidmantas"]
[Result "0-1"]
[WhiteElo "2380"]
[BlackElo "2530"]

1.e4 c5 2.c3 Nf6 3.e5 Nd5 4.d4 cxd4 5.Nf3 Nc6 6.Bc4 e6 7.cxd4 d6 8.O-O dxe5
9.dxe5 Nb6 10.Qxd8+ Kxd8 11.Bb3 Nd7 12.Rd1 Ke8 13.Nc3 a6 14.Bf4 h6 15.h4 Nc5
16.Bc2 b5 17.a3 Bb7 18.b4 Nd7 19.Be4 Rc8 20.Nd4 Be7 21.h5 Ndb8 22.Rac1 Rd8
23.Nxc6 Nxc6 24.Kf1 Bg5 25.Bxg5 hxg5 26.Rxd8+ Kxd8 27.a4 bxa4 28.Nxa4 Kc7
29.Nc5 Ba8 30.Nxa6+ Kb6 31.Nc5 Nxe5 32.Re1 Bc6 33.Bxc6 Nxc6 34.Nd7+ Kc7 35.Ne5 Nxe5
36.Rxe5 Rxh5 37.Ke2 Kd6 38.Ra5 e5 39.Ra7 Ke6 40.Ra6+ Kf5 41.Ra7 Kg6 42.Ra1 Rh8
43.Rb1 Kf5 44.Kd3 Ke6 45.b5 Kd6 46.b6 f6 47.b7 Rb8 48.g4 Kc6 49.Rc1+ Kxb7
50.Ke4 Rd8 51.f3 Rd4+ 52.Ke3 Rd6 53.Ke4 Rc6 54.Rb1+ Kc7 55.Rb3 g6 56.Ra3 Kd6
57.Ra8 Ke6 58.Re8+ Kf7 59.Ra8 Rc4+ 60.Ke3 Rc7 61.Ke4 Rd7 62.Ra5 Ke6 63.Ra6+ Rd6
64.Ra3 f5+ 65.Ke3 Rb6 66.Kd3 Rb4 67.Ra6+ Kf7 68.Ra7+ Kf6 69.Ra6+ Kg7 70.Re6 Rf4
71.Ke3 e4 72.fxe4 Rxg4 73.exf5 gxf5 74.Kf3 Rf4+ 75.Kg3 Re4 76.Ra6 Kf7 77.Kf3 Re6
78.Ra8 Rb6 79.Ke3 Kg6 80.Ra5 Re6+ 81.Kf3 Rb6 82.Ra3 Kh5 83.Kg3 f4+ 84.Kf3 Re6
85.Ra1 Re3+ 86.Kf2 Rb3 87.Kg2 Kg4 88.Ra2 f3+ 89.Kf2 Rb4 90.Rc2 Kf4  0-1

[Event "Oberwart op"]
[Site "Oberwart"]
[Date "1992.??.??"]
[Round "7"]
[White "Kranzl, Peter"]
[Black "Palac, Mladen"]
[Result "1-0"]
[WhiteElo "2300"]
[BlackElo "2505"]

1.e4 c5 2.c3 Nf6 3.e5 Nd5 4.d4 cxd4 5.Qxd4 e6 6.Nf3 Nc6 7.Qe4 f5 8.Qe2 d6
9.g3 Qc7 10.exd6 Bxd6 11.Bg2 O-O 12.O-O Nb6 13.Nbd2 e5 14.Nc4 e4 15.Nfd2 Be6
16.Nxd6 Qxd6 17.b3 Rfd8 18.Nb1 a5 19.Na3 a4 20.Nb5 Qe7 21.Ba3 Qf6 22.c4 Rd3
23.Rab1 axb3 24.axb3 Nd4 25.Nxd4 Qxd4 26.Bb2 Qc5 27.Ba1 Rad8 28.Rfd1 h6 29.Rxd3 Rxd3
30.Qb2 Qe7 31.Bf1 Rd8 32.Qc3 Nd7 33.Rd1 Rf8 34.Qd4 Qf7 35.Bc3 Nf6 36.Be2 Kh7
37.Qb6 f4 38.Qd6 f3 39.Bf1 Re8 40.Qf4 Rf8 41.Bxf6 Qg6 42.Rd4 Rxf6 43.Qxe4 Qxe4
44.Rxe4 Bd7 45.Re3 Kg8 46.c5 Kf8 47.Bd3 Bh3 48.Bf1 Be6 49.h3 Bd5 50.b4 b6
51.Re5 Bb7 52.Bb5 Kf7 53.Kf1 bxc5 54.bxc5 Bc6 55.Bc4+ Kf8 56.Ke1 Bd7 57.h4 g6
58.Kd2 Bc6 59.Ke3 Kg7 60.Re6 Ba8 61.Rxf6 Kxf6 62.Kd4 Kf5 63.Bd5  1-0

[Event "Odorheiu Secuiesc"]
[Site "Odorheiu Secuiesc"]
[Date "1992.??.??"]
[Round "?"]
[White "Vaidya, Arun B"]
[Black "Rogozenko, Dorin"]
[Result "0-1"]
[WhiteElo "2335"]
[BlackElo "2305"]

1.e4 c5 2.c3 Nf6 3.e5 Nd5 4.d4 cxd4 5.Nf3 d6 6.cxd4 Nc6 7.Bc4 Nb6 8.Bb5 dxe5
9.Nxe5 Bd7 10.Nc3 Nxe5 11.dxe5 Bxb5 12.Qxd8+ Rxd8 13.Nxb5 a6 14.Nc7+ Kd7
15.Be3 Nc4 16.Rd1+ Kxc7 17.Rc1 b5 18.b3 e6 19.bxc4 b4 20.Ke2 Kc6 21.Rhd1 Bc5
22.Bg5 Bd4 23.Rxd4 Rxd4 24.Be7 a5 25.f4 Re8 26.Rd1 Rxe7 27.Rxd4 Rd7 28.Re4 Kc5
29.Re3 Kxc4 30.Rb3 a4 31.Rb1 b3 32.axb3+ axb3 33.Rc1+ Kb4 34.Rc8 Rd5  0-1

[Event "Odorheiu Secuiesc"]
[Site "Odorheiu Secuiesc"]
[Date "1992.??.??"]
[Round "?"]
[White "Dodu, Petre"]
[Black "Rogozenko, Dorin"]
[Result "0-1"]
[WhiteElo "2330"]
[BlackElo "2305"]

1.e4 c5 2.c3 Nf6 3.d3 Nc6 4.f4 d6 5.Nf3 g6 6.Nbd2 Bg7 7.Be2 O-O 8.O-O Rb8
9.Qe1 b5 10.Qh4 e5 11.a4 exf4 12.axb5 Rxb5 13.Qxf4 Ra5 14.Rxa5 Nxa5 15.Ng5 h6
16.Nh3 Nh7 17.Qg3 Bxh3 18.Qxh3 Ng5 19.Qg4 h5 20.Qg3 Ne6 21.Nf3 Qe7 22.Nh4 Kh7
23.Bxh5 gxh5 24.Rf5 Rh8 25.Rxh5+ Kg8 26.Nf5 Qf6 27.Nh6+ Rxh6 28.Rxh6 Qe5
29.Qg4 Nc6 30.Rh5 Qf6 31.Rf5 Qg6 32.Qe2 Ne5 33.Be3 Ng4 34.Bg5 Ne5 35.Be3 Bh6
36.Kf1 Bxe3 37.Qxe3 Qg4  0-1

[Event "RUS-ch"]
[Site "Orel"]
[Date "1992.??.??"]
[Round "?"]
[White "Yagupov, Igor"]
[Black "Ragozin, Evgeni"]
[Result "0-1"]
[WhiteElo "2410"]
[BlackElo "2415"]

1.e4 c5 2.c3 Nf6 3.e5 Nd5 4.Nf3 Nc6 5.d4 cxd4 6.cxd4 d6 7.Bc4 Nb6 8.Bb3 d5
9.Nh4 a5 10.Nc3 a4 11.Bc2 a3 12.bxa3 e6 13.g3 Nc4 14.O-O Be7 15.Qg4 Kf8 16.Nf3 h6
17.h4 f5 18.exf6 Bxf6 19.Qf4 g5 20.hxg5 hxg5 21.Qg4 e5 22.Bf5 e4 23.Bxc8 Qxc8
24.Qxc8+ Rxc8 25.Bxg5 Bxd4 26.Nxd4 Nxd4 27.Kg2 Nf3 28.Rh1 Kf7 29.Bf4 Ke6
30.Rad1 Nb2 31.Rxh8 Rxh8 32.Rxd5 Nd3 33.Rd6+ Kf5 34.Bh6 Rc8 35.Ne2 Rc2 36.Rxd3 exd3
37.Kxf3 dxe2 38.g4+ Kg6 39.Kg3 e1=Q 40.Bf4 Qd1  0-1

[Event "Oslo"]
[Site "Oslo"]
[Date "1992.??.??"]
[Round "7"]
[White "Rozentalis, Eduardas"]
[Black "Fossan, Erik"]
[Result "1-0"]
[WhiteElo "2585"]
[BlackElo "2315"]

1.e4 c5 2.c3 Nf6 3.e5 Nd5 4.g3 d6 5.exd6 e6 6.Bg2 Bxd6 7.Nf3 O-O 8.O-O Nc6
9.Na3 Rb8 10.Nc4 Be7 11.d4 b6 12.Nfe5 Nxe5 13.Nxe5 Bb7 14.c4 Nf6 15.Bxb7 Rxb7
16.Qf3 Qc7 17.Bf4 Bd6 18.dxc5 bxc5 19.b3 Rbb8 20.Rfe1 Rbc8 21.Rad1 Rfd8 22.Rd3 Bxe5
23.Bxe5 Rxd3 24.Qxd3 Qd7 25.Qf3 Qd2 26.Re2 Qd1+ 27.Kg2 Ne8 28.Bc3 Rd8 29.Ba5 Rd7
30.Re5 Qd6 31.Qe3 Qc6+ 32.f3 Qa6 33.Qxc5 h6 34.Re2 Kh7 35.Qb5 Qc8 36.Qe5 Qa6
37.Qe4+ Kg8 38.Qa8  1-0

[Event "Osuna op"]
[Site "Osuna"]
[Date "1992.??.??"]
[Round "4"]
[White "Westerinen, Heikki MJ"]
[Black "Bellon Lopez, Juan Manuel"]
[Result "1/2-1/2"]
[WhiteElo "2430"]
[BlackElo "2450"]

1.e4 c5 2.c3 Nf6 3.e5 Nd5 4.d4 cxd4 5.Nf3 e6 6.cxd4 d6 7.Nc3 Nxc3 8.bxc3 Qc7
9.Bd2 Nd7 10.exd6 Bxd6 11.Bd3 b6 12.Ng5 Bb7 13.Qh5 Nf6 14.Qh4 h6 15.Ne4 Bxe4
16.Bxe4 g5 17.Bxg5 hxg5 18.Qxh8+ Ke7 19.Qxa8 Qxc3+ 20.Ke2 Qb2+ 21.Kd3 Qb5+
22.Kd2 Qb2+ 23.Kd3 Qb5+ 24.Kd2  1/2-1/2

[Event "Oviedo rapid45"]
[Site "Oviedo"]
[Date "1992.??.??"]
[Round "6"]
[White "Guimaraes, Jorge"]
[Black "Urday, Henry"]
[Result "1/2-1/2"]
[WhiteElo "2305"]
[BlackElo "2480"]

1.e4 c5 2.c3 Nf6 3.e5 Nd5 4.Nf3 d6 5.d4 cxd4 6.cxd4 Nc6 7.exd6 e6 8.Nc3 Bxd6
9.Bc4 O-O 10.O-O Nce7 11.Re1 Bd7 12.Bd2 Rc8 13.Bb3 Qb6 14.Ne5 Be8 15.Nc4 Qc7
16.Nxd6 Qxd6 17.Ne4 Qd8 18.Bg5 f6 19.Bh4 b6 20.Bg3 Nf5 21.Nc3 Nxg3 22.Nxd5 exd5
23.hxg3 Bf7 24.Qf3 Qd6 25.Rac1 Rfe8 26.a3  1/2-1/2

[Event "Pardubice op"]
[Site "Pardubice"]
[Date "1992.??.??"]
[Round "4"]
[White "Gladisheva, Tatjana"]
[Black "Vasilchenko, Oleg"]
[Result "1/2-1/2"]
[WhiteElo "2080"]
[BlackElo "2385"]

1.e4 c5 2.c3 Nf6 3.e5 Nd5 4.d4 cxd4 5.Nf3 e6 6.cxd4 b6 7.Bd3 Ba6 8.O-O Be7
9.Re1 Bxd3 10.Qxd3 O-O 11.Bd2 Nc6 12.a3 Rc8 13.Nc3 Nxc3 14.Bxc3 d6 15.Rad1 dxe5
16.dxe5 Qxd3 17.Rxd3 Rfd8 18.Red1 Rxd3 19.Rxd3 Rd8 20.Rxd8+ Nxd8 21.Nd4 a6
22.Kf1 Kf8 23.a4 Bc5 24.b4 Bxd4 25.Bxd4 b5 26.axb5 axb5 27.Ke2 Ke8 28.Kd3 Nc6
29.Bc3 Kd7 30.Ke4 Nb8 31.Bd4 Na6 32.Bc3 Kc6 33.f4 h5 34.Be1 Nc7 35.Bd2 Nd5
36.h3 Nb6 37.g4 hxg4 38.hxg4 Kc7 39.Kd4 Nd7 40.f5 Kd8 41.Bg5+ Ke8 42.Bh4 Kf8
43.Bd8 Kg8 44.Be7 Kh7 45.Bh4 Kg8 46.Be7 Kh7 47.Bd8 Kh6 48.Be7  1/2-1/2

[Event "Pardubice op"]
[Site "Pardubice"]
[Date "1992.??.??"]
[Round "6"]
[White "Salai, Ladislav"]
[Black "Prymula, Roman"]
[Result "1-0"]
[WhiteElo "2380"]
[BlackElo "2250"]

1.e4 c5 2.c3 Nf6 3.e5 Nd5 4.d4 cxd4 5.Nf3 Nc6 6.Bc4 Nb6 7.Bb3 d6 8.exd6 Qxd6
9.Na3 a6 10.O-O Be6 11.Ng5 Bxb3 12.Qxb3 Nd8 13.Rd1 f6 14.Nf3 Qc7 15.Nxd4 e5
16.Nf5 Qc6 17.Be3 Nc8 18.Rd2 Nf7 19.Rad1 g6 20.Rd7 Ne7 21.Nd6+ Nxd6 22.R7xd6  1-0

[Event "Pardubice op"]
[Site "Pardubice"]
[Date "1992.??.??"]
[Round "7"]
[White "Knazovcik, Ladislav"]
[Black "Majzlan, Igor"]
[Result "1-0"]
[WhiteElo "2270"]
[BlackElo "2320"]

1.e4 c5 2.c3 Nf6 3.e5 Nd5 4.d4 cxd4 5.Nf3 Nc6 6.Bc4 Nb6 7.Bb3 d5 8.exd6 Qxd6
9.cxd4 Bf5 10.O-O e6 11.Nc3 Be7 12.Qe2 O-O 13.Rd1 Na5 14.Bc2 Bxc2 15.Qxc2 Nd5
16.Bg5 Rac8 17.Bxe7 Nxe7 18.Qe2 Nd5 19.Ne4 Qe7 20.Rac1 Rxc1 21.Rxc1 Rd8 22.a3 Nc6
23.Nc5 Nf4 24.Qe3 Nd5 25.Qb3 Nf6 26.Qc3 Nd5 27.Qc2 Nb8 28.Qa4 b6 29.Nd3 h6
30.h3 a5 31.Nde5 Nf4 32.Kh1 g5 33.Qb5 Nd5 34.g3 Kg7 35.Kh2 h5 36.Nc4 Rc8
37.Re1 Qf6 38.Kg2 g4 39.hxg4 hxg4 40.Nfe5 Rh8 41.Re4 Rh2+ 42.Kxh2 Qxf2+ 43.Kh1 Qf1+
44.Kh2 Nf4 45.Rxf4 Qh3+ 46.Kg1 Qxg3+ 47.Kh1 Qxf4 48.Nd6 Qc1+ 49.Kg2 Qd2+
50.Kf1 f5 51.Qb3 Qf4+ 52.Ke2 Nc6 53.Ne8+ Kh7 54.Nf6+ Kh6 55.Nxc6 Qh2+ 56.Kd3 Qh3+
57.Kc4 Qf1+ 58.Qd3 b5+ 59.Kc3 b4+ 60.axb4 Qc1+ 61.Qc2 Qe3+ 62.Kc4 axb4 63.Ne5 g3
64.Nfg4+  1-0

[Event "Philadelphia opI"]
[Site "Philadelphia"]
[Date "1992.??.??"]
[Round "6"]
[White "Christensen, Wayne"]
[Black "Morgan, Matthew"]
[Result "0-1"]
[WhiteElo "2205"]
[BlackElo "2295"]

1.e4 c5 2.c3 Nf6 3.e5 Nd5 4.d4 Nc6 5.Nf3 cxd4 6.Bc4 Nb6 7.Bb3 e6 8.O-O d6
9.exd6 dxc3 10.Nxc3 Bxd6 11.Qe2 O-O 12.Rd1 Qe7 13.Be3 Bb8 14.Ng5 Nd7 15.Bc2 h6
16.Nf3 f5 17.Rac1 b6 18.Bb3 Nf6 19.Qb5 Na5 20.Ne5 Bxe5 21.Qxe5 Nxb3 22.axb3 Ng4
23.Qg3 Nxe3 24.Qxe3 Bb7 25.Re1 Rf6 26.Nb5 Rg6 27.g3 Rc8 28.Nxa7 Rxc1 29.Rxc1 Qd7
30.Nb5 Qd5  0-1

[Event "RUS-chT"]
[Site "Podolsk"]
[Date "1992.??.??"]
[Round "?"]
[White "Yagupov, Igor"]
[Black "Vasilchenko, Oleg"]
[Result "1-0"]
[WhiteElo "2410"]
[BlackElo "2385"]

1.e4 c5 2.c3 Nf6 3.e5 Nd5 4.Nf3 e6 5.Bc4 Be7 6.O-O O-O 7.d4 d6 8.Qe2 Nc6
9.Qe4 a6 10.Bd3 f5 11.exf6 Nxf6 12.Qe2 cxd4 13.cxd4 Bd7 14.Nc3 Qa5 15.Bc4 Qf5
16.Nh4 Qg4 17.Qxg4 Nxg4 18.Nf3 Rae8 19.d5 Nce5 20.Nxe5 Nxe5 21.dxe6 Nxc4
22.exd7 Rd8 23.Nd5 Rxd7 24.b3 Ne5 25.Ba3 Bd8 26.Rad1 Re8 27.Ne3 Nf7 28.Nd5 Ne5
29.Rfe1 Kf7 30.h3 Re6 31.Nf4 Re8 32.Kf1 Bc7 33.Bb2 Rdd8 34.Nd5 Bb8 35.Re4 Rc8
36.Ne3 Ng6 37.Rxe8 Rxe8 38.Nf5 Rg8 39.Nxd6+ Bxd6 40.Rxd6 Ke7 41.Rb6  1-0

[Event "POR-ch"]
[Site "?"]
[Date "1992.??.??"]
[Round "2"]
[White "Silva, Fernando"]
[Black "Ribeiro, Fernando"]
[Result "1-0"]
[WhiteElo "2260"]
[BlackElo "2205"]

1.e4 c5 2.c3 Nf6 3.e5 Nd5 4.Nf3 Nc6 5.d4 cxd4 6.Bc4 Nb6 7.Bb3 d5 8.exd6 Qxd6
9.O-O Be6 10.Bxe6 Qxe6 11.Nxd4 Nxd4 12.Qxd4 Rd8 13.Qh4 h5 14.h3 Qe2 15.Bd2 e6
16.Re1 Qb5 17.b3 Qf5 18.Qf4 Qxf4 19.Bxf4 Nd5 20.Be5 Rh6 21.Nd2 Rg6 22.Nf3 Be7
23.Rad1 Bf6 24.c4 Nb4 25.Rxd8+ Kxd8 26.Rd1+ Kc8 27.Bxf6 gxf6 28.Nd4 a6 29.a3 Nc6
30.Nxc6 bxc6 31.Rd4 Kc7 32.b4 c5 33.bxc5 Rg5 34.Rd6 a5 35.Ra6 Rxc5 36.Ra7+ Kd6
37.Rxf7 Ke5 38.Rb7 Kd4 39.Rb6 Kxc4 40.Rxe6 Kb3 41.Re3+ Kc4 42.Rf3 f5 43.Kh2 a4
44.Kg3 Rb5 45.Kh4 f4 46.Rxf4+ Kb3 47.Rf3+ Kb2 48.g4 hxg4 49.hxg4 Rb3 50.Rf8 Rxa3
51.Ra8 Ra1 52.f4 a3 53.f5 a2 54.f6 Rf1 55.Kg5 a1=Q 56.Rxa1 Rxa1 57.f7 Rf1
58.Kg6 Kc3 59.Kg7 Kd4 60.g5 Ke5 61.g6  1-0

[Event "CSR-ch"]
[Site "Prague"]
[Date "1992.??.??"]
[Round "3"]
[White "Votava, Jan"]
[Black "Plachetka, Jan"]
[Result "1/2-1/2"]
[WhiteElo "2385"]
[BlackElo "2460"]

1.e4 c5 2.c3 Nf6 3.e5 Nd5 4.d4 cxd4 5.cxd4 e6 6.Nf3 b6 7.a3 Be7 8.Bd3 Ba6
9.Bxa6 Nxa6 10.O-O O-O 11.Nbd2 Nac7 12.Ne4 f5 13.exf6 Nxf6 14.Re1 Ncd5 15.Ne5 Rc8
16.Bd2 Nxe4 17.Rxe4 Bd6 18.Rc1 Qf6 19.f3 Bxe5 20.dxe5 Qf5 21.Bb4 Rfd8 22.Bd6 Qg5
23.Rec4 Rxc4 24.Rxc4 h6 25.Qe2 Qg6 26.Qe4 Qe8 27.Kf2 Rc8 28.Qc2 Rc6 29.Rxc6 dxc6
30.b4 Kf7 31.h4 Kg8 32.g3 Qd7 33.h5 Qe8 34.Qg6 Qd7 35.f4 Qf7 36.Kf3 Nc3 37.f5 Qxf5+
38.Qxf5 exf5 39.Kf4 Nb5 40.Kxf5 Nd4+ 41.Kg6 Ne6 42.Bb8 a6 43.Ba7 b5 44.Be3 Nf8+
45.Kf5 Kf7 46.g4 Ne6 47.Bf2 Ng5 48.Bc5 Ne6 49.Be3 Nf8 50.g5 hxg5 51.Bxg5 Ne6
52.Be3 Nf8 53.Bc5 Ne6 54.Bf2 Nf8 55.Bc5 Ne6 56.Ba7 Nc7 57.Bd4 Ne6 58.Bg1 Nf8
59.Bb6 Ne6 60.Ba7 Nc7 61.Bd4  1/2-1/2

[Event "CSR-ch"]
[Site "Prague"]
[Date "1992.??.??"]
[Round "6"]
[White "Dolezal, Martin"]
[Black "Polasek, Jaroslav"]
[Result "0-1"]
[WhiteElo "2275"]
[BlackElo "2355"]

1.e4 c5 2.c3 Nf6 3.e5 Nd5 4.d4 cxd4 5.Nf3 d6 6.Qxd4 e6 7.exd6 Nc6 8.Bb5 Qxd6
9.Nbd2 Bd7 10.Qe4 Be7 11.O-O O-O 12.Re1 Rad8 13.a3 a6 14.Bf1 Qc7 15.c4 f5
16.Qc2 Nf4 17.b4 Bf6 18.Bb2 e5 19.Nb3 e4 20.Nfd4 Ne5 21.Red1 Nfd3 22.c5 Ng4
23.g3 Ndxf2 24.Re1 e3 25.Bg2 Rfe8 26.Re2 f4 27.h3 Nh6 28.g4 f3 29.Nxf3 Bxb2
30.Qxb2 Qg3 31.Nbd4 Nxh3+ 32.Kf1 Nxg4 33.Bxh3 Qxh3+ 34.Rg2 Rf8 35.Qe2 Bb5
36.Nxb5 Nh2+  0-1

[Event "Bohemians-B"]
[Site "Prague"]
[Date "1992.??.??"]
[Round "7"]
[White "Kranzl, Peter"]
[Black "Orsag, Milan"]
[Result "0-1"]
[WhiteElo "2325"]
[BlackElo "2415"]

1.e4 c5 2.c3 Nf6 3.e5 Nd5 4.d4 cxd4 5.Qxd4 e6 6.Nf3 Nc6 7.Qe4 f5 8.Qe2 Qc7
9.g3 d6 10.exd6 Bxd6 11.Bg2 O-O 12.O-O Nf6 13.Nbd2 e5 14.Nc4 e4 15.Ng5 h6
16.Rd1 Be5 17.f4 hxg5 18.fxe5 Nh7 19.b3 b5 20.Nd6 a6 21.g4 g6 22.Nxe4 fxe4
23.Qxe4 Ne7 24.Ba3 Ra7 25.Qe3 Bxg4 26.Rd3 Rf7 27.Bd6 Nf5 28.Bxc7 Nxe3 29.Bb6 Nxg2
30.Bxa7 Nf4 31.Rd8+ Kg7 32.Bd4 Kh6 33.Rd6 Bf3 34.Kf2 g4 35.Ke3 Ng5 36.Rxa6 b4
37.c4 Ng2+ 38.Kd3 Be4+ 39.Ke2 Rf3 40.e6 Nf4+ 41.Ke1 Bd3 42.Kd2 Ne4+ 43.Kc1 Ne2+
44.Kb2 Nxd4  0-1

[Event "Reggio Emilia9293"]
[Site "Reggio Emilia"]
[Date "1992.??.??"]
[Round "11"]
[White "Manca, Federico"]
[Black "Borgo, Giulio"]
[Result "1/2-1/2"]
[WhiteElo "2390"]
[BlackElo "2360"]

1.e4 c5 2.c3 Nf6 3.e5 Nd5 4.d4 cxd4 5.Nf3 e6 6.cxd4 d6 7.Nc3 Nxc3 8.bxc3 Qc7
9.Bd2 Nd7 10.exd6 Bxd6 11.Bd3 b6 12.O-O Bb7 13.h3 O-O 14.Re1  1/2-1/2

[Event "EU-ch U14"]
[Site "Rimavska Sobota"]
[Date "1992.??.??"]
[Round "?"]
[White "Tzoumbas, Anastasios"]
[Black "Leko, Peter"]
[Result "1/2-1/2"]
[WhiteElo "2240"]
[BlackElo "2460"]

1.e4 c5 2.c3 Nf6 3.e5 Nd5 4.d4 cxd4 5.Nf3 Nc6 6.Bc4 Nb6 7.Bb3 d5 8.exd6 Qxd6
9.Na3 a6 10.O-O Bf5 11.cxd4 e6 12.Be3 Be7 13.Ne5 O-O 14.Nac4 Nxc4 15.Nxc4 Qd8
16.Ne5 Na5 17.Bc2 Bxc2 18.Qxc2 Rc8 19.Qe4 Qd5 20.Qxd5 exd5 21.b3  1/2-1/2

[Event "EU-ch U14"]
[Site "Rimavska Sobota"]
[Date "1992.??.??"]
[Round "?"]
[White "Tzoumbas, Anastasios"]
[Black "Jirovsky, Petr"]
[Result "1-0"]
[WhiteElo "2240"]
[BlackElo "2280"]

1.e4 c5 2.c3 Nf6 3.e5 Nd5 4.Nf3 Nc6 5.d4 cxd4 6.Bc4 Nb6 7.Bb3 d6 8.exd6 Qxd6
9.Na3 a6 10.O-O Bg4 11.Bxf7+ Kxf7 12.Ng5+ Kg8 13.Qxg4 dxc3 14.Nc4 Nxc4 15.Qxc4+ e6
16.Nxe6 Na5 17.Qxc3 Qxe6 18.Qxa5 Bd6 19.Re1 Qf7 20.Be3 h6 21.Rad1 Bc7 22.Qa4 b5
23.Qa3 Kh7 24.Qd3+ g6 25.Qd7 Rhf8 26.Qh3  1-0

[Event "Rishon Le Ziyyon"]
[Site "Rishon Le Ziyyon"]
[Date "1992.??.??"]
[Round "5"]
[White "Afek, Yochanan"]
[Black "Khasin, Alexander"]
[Result "1/2-1/2"]
[WhiteElo "2365"]
[BlackElo "2460"]

1.e4 c5 2.c3 Nf6 3.e5 Nd5 4.Nf3 Nc6 5.Bc4 Nb6 6.Bb3 d5 7.exd6 Qxd6 8.d4 cxd4
9.cxd4 g6 10.O-O Bg7 11.Nc3 O-O 12.Bg5 h6 13.Bh4 Bg4 14.Re1 g5 15.Bg3 Qd7
16.d5 Nd4 17.Be5  1/2-1/2

[Event "Rishon Le Ziyyon"]
[Site "Rishon Le Ziyyon"]
[Date "1992.??.??"]
[Round "12"]
[White "Votava, Jan"]
[Black "Khasin, Alexander"]
[Result "0-1"]
[WhiteElo "2435"]
[BlackElo "2460"]

1.e4 c5 2.c3 Nf6 3.d3 Nc6 4.Nf3 d6 5.g3 g6 6.Bg2 Bg7 7.O-O O-O 8.Nbd2 Rb8
9.Re1 Nd7 10.Nf1 b5 11.h4 b4 12.c4 Nde5 13.N1h2 Nxf3+ 14.Bxf3 Nd4 15.Bg2 b3
16.axb3 Nxb3 17.Rxa7 Nxc1 18.Qxc1 Bxb2 19.Qc2 Bf6 20.Rb1 Rb4 21.Ra4 Qb6 22.Raxb4 cxb4
23.Qb3 Bd4 24.Qc2 Bd7 25.Nf3 Bc3 26.e5 dxe5 27.Ng5 Bd4 28.Qd2 b3 29.Nf3 Rb8
30.Nxd4 Qxd4 31.Kf1 Bf5 32.Ke2 b2 33.Qc2 Rb4 34.Re1 e4 35.Bxe4 Bxe4 36.dxe4 Rxc4  0-1

[Event "ROM-ch (Women)"]
[Site "?"]
[Date "1992.??.??"]
[Round "1"]
[White "Jicman, Ligia"]
[Black "Chiricuta Kantor, Iudita"]
[Result "0-1"]
[WhiteElo "2205"]
[BlackElo "2155"]

1.e4 c5 2.c3 Nf6 3.e5 Nd5 4.d4 cxd4 5.Nf3 Nc6 6.Bc4 Nb6 7.Bb3 d6 8.exd6 Qxd6
9.O-O e6 10.cxd4 Be7 11.Nc3 O-O 12.Re1 Nd5 13.a3 b6 14.Ne4 Qc7 15.Qd3 Bb7
16.Nfg5 g6 17.Qh3 Bxg5 18.Nxg5 Nf6 19.Rxe6 Bc8 20.Bf4 Qxf4 21.Rxf6 Qxg5 22.Rxf7 Bxh3
23.Rf5+ Kg7 24.Rxg5 Bf5 25.Rd1 Rad8 26.d5 Na5 27.Ba2 Rfe8 28.h3 Re2 29.b4 Rxa2
30.bxa5 Rxa3 31.axb6 axb6 32.Rd2 h6  0-1

[Event "ARG-chT"]
[Site "Salta"]
[Date "1992.??.??"]
[Round "4"]
[White "Aparicio, Anibal"]
[Black "Fiorucci, Mario"]
[Result "1-0"]
[WhiteElo "2330"]
[BlackElo "2210"]

1.e4 c5 2.c3 Nf6 3.e5 Nd5 4.d4 e6 5.Nf3 cxd4 6.cxd4 b6 7.Nc3 Nxc3 8.bxc3 Qc7
9.Bd2 Bb7 10.Bd3 d6 11.O-O Nd7 12.Ng5 dxe5 13.dxe5 Be7 14.Re1 Nc5 15.Bb5+ Kf8
16.Qh5 g6 17.Qh6+ Kg8 18.Re3 Bf8 19.Qh3 Rd8 20.Be1 h6 21.Nf3 Bg7 22.Qg3 a6
23.Be2 Nd7 24.Rd1 Kh7 25.Red3 Bxf3 26.Qxf3 Nxe5 27.Qf4 Rxd3 28.Rxd3 Rc8 29.Rh3 Nc4
30.Qh4 Qe5 31.Kf1 b5 32.Rf3 Rc7 33.Qd8 Qd6 34.Qe8 Nd2+ 35.Bxd2 Qxd2 36.g3 Qd5
37.a4 e5 38.axb5 e4 39.Re3 axb5 40.Bxb5 Qd1+ 41.Kg2 f5 42.Be2 Qd2 43.h4 Qd6
44.Qb8 Qc6 45.c4 Rb7 46.Qa8 Qd7 47.c5 Rb1 48.h5 gxh5 49.c6 Qf7 50.c7 Qxc7
51.Rxe4 Qc1 52.Rh4 Qg1+ 53.Kh3 Qxf2 54.Bc4 Qb6 55.Bg8+ Kh8 56.Bb3+ Kh7 57.Qg8+ Kg6
58.Qf7+ Kh7 59.Qxf5+  1-0

[Event "San Copiapo"]
[Site "San Copiapo"]
[Date "1992.??.??"]
[Round "8"]
[White "Duarte, Marcelo R"]
[Black "Valiente, Cristobal"]
[Result "1-0"]
[WhiteElo "2375"]
[BlackElo "2345"]

1.e4 c5 2.c3 Nf6 3.e5 Nd5 4.d4 cxd4 5.Qxd4 e6 6.Bd3 Nc6 7.Qe4 f6 8.exf6 Nxf6
9.Qh4 Ne5 10.Bc2 Be7 11.Bg5 b6 12.Nd2 Bb7 13.Ngf3 Qc7 14.O-O-O Nxf3 15.Nxf3 O-O-O
16.Bf4 Qc5 17.Be3 Nd5 18.Bxc5 Bxh4 19.Bd4 Bf6 20.Ne5 Rdf8 21.Rhe1 d6 22.Nc4 Kd7
23.Bxf6 Rxf6 24.f3 b5 25.Na5 Ba8 26.Nb3 Nc7 27.Be4 Bd5 28.Nd4 a6 29.b3 Bxe4
30.Rxe4 Nd5 31.Kb2 Rc8 32.Ne2 Rg6 33.g3 Rh6 34.h4 Rf6 35.Rd3 h5  1-0

[Event "Santiago op"]
[Site "Santiago de Chile"]
[Date "1992.??.??"]
[Round "7"]
[White "Cortes Moyano, Julio"]
[Black "Capo, Jose"]
[Result "0-1"]
[WhiteElo "2290"]
[BlackElo "2390"]

1.e4 c5 2.c3 Nf6 3.e5 Nd5 4.g3 d6 5.exd6 Qxd6 6.Bg2 Nc6 7.Ne2 Bg4 8.d4 cxd4
9.cxd4 Bxe2 10.Kxe2 e5 11.Re1 O-O-O 12.Kf1 exd4 13.Na3 Qd7 14.Nb5 Bc5 15.Bg5 f6
16.Rc1 Bb6 17.Bd2 Qf5 18.Be4 Ne3+ 19.Rxe3 Qxb5+ 20.Bd3 Qd5 21.Qg4+ Kb8 22.Be4 Qd7
23.Bf5 Qd5 24.Be4 f5 25.Qf4+ Qd6  0-1

[Event "Shenzhen"]
[Site "Shenzhen"]
[Date "1992.??.??"]
[Round "1"]
[White "Torre, Eugenio"]
[Black "Xu Jun"]
[Result "1/2-1/2"]
[WhiteElo "2555"]
[BlackElo "2540"]

1.e4 c5 2.c3 Nf6 3.e5 Nd5 4.d4 cxd4 5.Nf3 d6 6.cxd4 Nc6 7.Nc3 dxe5 8.dxe5 Nxc3
9.Qxd8+ Kxd8 10.bxc3 Bg4 11.e6 Bxe6 12.Ng5 g6 13.Nxe6+ fxe6 14.Bc4 Bg7 15.Bd2 Kc7
16.Bxe6 Rad8 17.O-O-O Rhf8 18.f4 b5 19.Rhe1 a5 20.Re4 Rd3 21.Be1 Rxd1+ 22.Kxd1 Kd6
23.Bg4 e5 24.Bg3 exf4 25.Rxf4 Rxf4 26.Bxf4+ Be5 27.Bd2 Bxh2 28.Be2 b4 29.cxb4 Nxb4
30.Bxb4+  1/2-1/2

[Event "Shenzhen"]
[Site "Shenzhen"]
[Date "1992.??.??"]
[Round "2"]
[White "Antonio, Rogelio Jr"]
[Black "Liang Jinrong"]
[Result "1/2-1/2"]
[WhiteElo "2520"]
[BlackElo "2480"]

1.e4 c5 2.c3 Nf6 3.e5 Nd5 4.d4 cxd4 5.Nf3 Nc6 6.Bc4 Nb6 7.Bb3 d5 8.exd6 Qxd6
9.O-O Be6 10.Bxe6 Qxe6 11.Nxd4 Qd7 12.Qe2 Nxd4 13.cxd4 e6 14.Nc3 Be7 15.d5 exd5
16.Bg5 f6 17.Be3 O-O 18.Bxb6 axb6 19.Rad1 Ra5 20.a3 Bd6 21.g3 Be5 22.b4 Rxa3
23.Nxd5 Qf7 24.Nxb6 Qe6 25.Nd7 Re8 26.Rfe1 Rc3 27.Nc5 Qc6 28.Qa2+ Kh8 29.Qf7 Rg8
30.Nd3 Qb5 31.Nxe5 fxe5 32.Qe7 Rc4 33.Rd7 Rxb4 34.Rd8 h6 35.Rxg8+ Kxg8 36.Rc1 Kh7
37.Qf8 Rc4 38.Qf5+ Kh8 39.Qf8+ Kh7  1/2-1/2

[Event "Shenzhen"]
[Site "Shenzhen"]
[Date "1992.??.??"]
[Round "10"]
[White "Antonio, Rogelio Jr"]
[Black "Xu Jun"]
[Result "1/2-1/2"]
[WhiteElo "2520"]
[BlackElo "2540"]

1.e4 c5 2.c3 Nf6 3.e5 Nd5 4.d4 cxd4 5.cxd4 d6 6.Bc4 Nb6 7.Bb5+ Bd7 8.e6 Bxb5
9.Qh5 Qc8 10.Qxb5+ Qc6 11.exf7+ Kxf7 12.Qh5+ g6 13.Qf3+ Qxf3 14.Nxf3 h6 15.Nc3 Bg7
16.Be3 Nc6 17.O-O-O Nb4 18.Kb1 N4d5 19.Rc1 Rac8 20.Nxd5 Nxd5 21.Rxc8 Rxc8
22.Rc1 Rxc1+  1/2-1/2

[Event "Simferopol (Women)"]
[Site "Simferopol"]
[Date "1992.??.??"]
[Round "29"]
[White "Rause, Olita"]
[Black "Ungure, Liga"]
[Result "1/2-1/2"]
[WhiteElo "2230"]
[BlackElo "2225"]

1.e4 c5 2.c3 Nf6 3.e5 Nd5 4.d4 cxd4 5.cxd4 d6 6.Nf3 Nc6 7.Bc4 e6 8.O-O Be7
9.Qe2 O-O 10.Qe4 Ndb4 11.exd6 Qxd6 12.Bf4 Qd8 13.Nc3 Na5 14.Bb5 Bd7 15.Bxd7 Qxd7
16.Ne5 Qd8 17.Rac1 Rc8 18.Rfe1 Bg5 19.Bxg5 Qxg5 20.Rcd1 Nac6 21.f4 Qd8 22.f5 exf5
23.Qxf5 Nxe5 24.dxe5 Qb6+ 25.Kh1 Qe6 26.Qe4 Nxa2 27.Nd5  1/2-1/2